000 00414nam a22001697a 4500
003 MACL
005 20160130152441.0
008 160130b xxu||||| |||| 00| 0 eng d
040 _cMACL
041 _aEnglish
082 _a080/ANA
100 _aAnand Tanay
_936223
245 _aBoss Job & The Lady AUS Me Up
260 _aBhopal
_bIndra Publishing House
_c2011
650 _aGenrates
_931608
942 _2ddc
_cBK
999 _c52947
_d52947